000 00453nam a2200157 i 4500
001 50662
003 ES-MaACL
005 20230906162221.0
007 t|
008 030806s1948 sp ||||1| spa d
100 1 _aCubillo López, Eugenio.
_941948
245 1 3 _aEl oficial electricista /
_cpor Eugenio Cubillo López.
260 _aMadrid :
_bDossat,
_c1948 (
_fNuevas Gráficas)
300 _a111 p. ;
_c22 cm.
852 _aES-MaACL
_j1885-F-2
_bR.25959
999 _c50662
_d50662